000 01798nam0a2200325 4500
001 RU\NLR\BIBL_A\011955009
005 20241101235435.0
010 _a9785906879271
_9500
035 _a(RuMoRGB)009545044
035 _a(NLR Aleph) 011955009
090 _a11170586
_c11170586
100 _a20190306d2017 u y0rusy50 ca
101 0 _arus
102 _aRU
105 _ay z 000zy
200 1 _aСистема казачьего самоуправления в рамках российской государственности на примере Запорожской Сечи в сер. XVII — кон. XVIII вв.
_fКондрико А. В.
210 _aМосква
_cПрометей
_d2017
215 _a154 с.
_d20
300 _aНа обл. загл.: Система казачьего самоуправления в рамках российской государственности на примере Запорожской Сечи в середине XVII — конце XVIII вв.
320 _aБиблиогр.: с. 137-153 (157 назв.) и в подстроч. примеч.
517 1 _aСистема казачьего самоуправления в рамках российской государственности на примере Запорожской Сечи в середине XVII — конце XVIII вв.
606 _aЗапорожское казачество
_91079772
_3RU\NLR\AUTH\66421858
606 1 _aКазачество
_xСамоуправление
_92109929
_3RU\NLR\AUTH\661275235
686 1 _aТ3(2Ук)4-294.1
686 1 _aХ819(2)011.26
700 1 _aКондрико
_bА. В.
_gАндрей Васильевич
942 _cBOOK
980 _aNBR